000
00218nam a22000857a 4500
008
170124b xxu||||| |||| 00| 0 eng d
100
_9
2541
_a
Readers Digest
245
_a
India's Witties & Wisest
260
_a
Mumbai
_b
ACK
_c
2010
999
_c
5630
_d
5630